000 00276nam a2200133Ia 4500
100 _aSocha/J.& others
942 _cBK
654 _aDos 6 handbook
245 _aDos 6 handbook
260 _bGalgotia
_aNew Delhi
_c1994
300 _a1030
546 _aENGLISH
999 _c20722
_d20722